Multiple comparisons procedures applied in analysis of congress tourism

Salvato in:
Dettagli Bibliografici
Autore principale: Rublíková, Eva
Natura: Capitolo di libro
Lingua:inglese
Tags: Aggiungi Tag
Nessun Tag, puoi essere il primo ad aggiungerne!!

MARC

LEADER 00000naa$a2200000$$$4500
001 0095139
005 20240502072047.5
041 0 |a eng 
044 |a SK 
245 1 0 |a Multiple comparisons procedures applied in analysis of congress tourism  |c Eva Rublíková 
100 1 |a Rublíková, Eva